000 00873nam a2200241Ia 4500
003 OSt
005 20220923214005.0
006 a|||||r|||| 00| 0
007 ta
008 220922b |||||||| |||| 00| 0 hin d
024 _a166,202
037 _cTextual
040 _aARTS
_cARTS
_bhin
041 _2hin
_ahin
082 _aO152,1J32,14:g, J8
100 _aतुलसीदास
_9156277
245 0 _aगीतावली* सिद्धान्त तिलक व्याख्या सहित, व्याख्या श्रीकान्तशरण
246 _aGītāvalī: siddhānta tilak vyākhyā sahita, vyākhyā shrīkāntasharaṇa
260 _c1958
650 _aहिन्दी साहित्य
_9156264
942 _hO152,1J32,14:g, J8
_cTEXL
_2CC
999 _c320681
_d320681